[Event "Steinfurt Bezirksklasse 0405"]
[Site "Germany"]
[Date "2005.05.07"]
[Round "10.6"]
[White "Lueger, Melanie"]
[Black "Rohmann, Dominic"]
[Result "0-1"]
[WhiteElo "926"]
[BlackElo "1202"]
[PlyCount "64"]
[EventDate "2004.09.18"]
[EventType "team-tourn"]
[EventRounds "11"]
[EventCountry "GER"]
[SourceTitle "EXT 2006"]
[Source "ChessBase"]
[SourceDate "2005.11.24"]
[SourceVersion "1"]
[SourceVersionDate "2005.11.24"]
[SourceQuality "1"]
[WhiteTeam "Westerkappeln II"]
[BlackTeam "Reckenfeld II"]
[WhiteTeamCountry "GER"]
[BlackTeamCountry "GER"]

1. e4 e5 2. Nf3 Nc6 3. d4 exd4 4. Nxd4 Qf6 5. Be3 Bc5 6. Nf5 Bxe3 7. Nxe3 Qxb2 8. Nd2 Nge7 9. Bc4 0-0 10. Rb1 Qd4 11. 0-0 b6 12. Qe2 Bb7 13. a4 Ne5 14. Rb4 Nxc4 15. Rxc4 Qe5 16. Ng4 Qe6 17. Rxc7 Bc6 18. e5 Nd5 19. Rxc6 dxc6 20. Rb1 Nc3 21. Qf3 Nxb1 22. Nxb1 Rad8 23. Nc3 Rd7 24. Qg3 Rd2 25. Ne3 Rfd8 26. h3 Qg6 27. Qf3 R2d7 28. g4 Re8 29. Qe2 Rxe5 30. f4 Re8 31. f5 Qg5 32. Qf3 Qxe3+ 0-1

[Event "Steinfurt Bezirksklasse 0405"]
[Site "Germany"]
[Date "2004.11.27"]
[Round "4.5"]
[White "Rohmann, Dominic"]
[Black "Wehrmeyer, Michael"]
[Result "1-0"]
[WhiteElo "1202"]
[BlackElo "1206"]
[PlyCount "71"]
[EventDate "2004.09.18"]
[EventType "team-tourn"]
[EventRounds "11"]
[EventCountry "GER"]
[SourceTitle "EXT 2006"]
[Source "ChessBase"]
[SourceDate "2005.11.24"]
[SourceVersion "1"]
[SourceVersionDate "2005.11.24"]
[SourceQuality "1"]
[WhiteTeam "Reckenfeld II"]
[BlackTeam "Steinfurt IV"]
[WhiteTeamCountry "GER"]
[BlackTeamCountry "GER"]

1. e4 e5 2. Nf3 Nc6 3. Bc4 Nf6 4. Nc3 Bc5 5. d3 0-0 6. Bg5 h6 7. Bh4 d6 8. h3 a6 9. Nd5 g5 10. Bg3 Be6 11. Nxf6+ Qxf6 12. Bb3 Nd4 13. Nxd4 Bxd4 14. c3 Bc5 15. Qh5 b5 16. Bd1 Rad8 17. h4 Rfe8 18. hxg5 hxg5 19. Qh7+ Kf8 20. Qh8+ Qxh8 21. Rxh8+ Ke7 22. Rxe8+ Rxe8 23. b4 Bb6 24. Bb3 Bd7 25. a4 Rh8 26. Ke2 f5 27. f3 f4 28. Bf2 c5 29. axb5 Bxb5 30. c4 Bd7 31. Rxa6 Bc7 32. bxc5 dxc5 33. Bxc5+ Kf7 34. Bd6 Bb8 35. c5+ Kf6 36. Bxb8+ 1-0

[Event "Steinfurt Bezirksklasse 0304"]
[Site "Germany"]
[Date "2003.09.27"]
[Round "1.8"]
[White "Rohmann, Dominic"]
[Black "Giller, Gerd"]
[Result "0-1"]
[WhiteElo "1127"]
[BlackElo "1583"]
[PlyCount "100"]
[EventDate "2003.09.27"]
[EventType "team-tourn"]
[EventRounds "11"]
[EventCountry "GER"]
[SourceTitle "EXT 2005"]
[Source "ChessBase"]
[SourceDate "2004.11.15"]
[SourceVersion "1"]
[SourceVersionDate "2004.11.15"]
[SourceQuality "1"]
[WhiteTeam "Reckenfeld II"]
[BlackTeam "Rheine CC"]
[WhiteTeamCountry "GER"]
[BlackTeamCountry "GER"]

1. e4 c6 2. Nf3 d5 3. exd5 cxd5 4. d4 Nf6 5. Bf4 e6 6. Bxb8 Rxb8 7. Bb5+ Bd7 8. Bxd7+ Nxd7 9. 0-0 Bd6 10. Nc3 a6 11. a3 0-0 12. Qd3 Rc8 13. Rae1 Qc7 14. Ng5 Nf6 15. g3 h6 16. Nf3 Bxa3 17. bxa3 Qxc3 18. Re2 Rc7 19. Qxc3 Rxc3 20. Ne5 Rfc8 21. Rb1 b5 22. a4 Rb8 23. Nd3 Nd7 24. a5 Ra3 25. Nb4 Ra8 26. Nc6 Kf8 27. Re3 Rxe3 28. fxe3 Rc8 29. Nb4 Nb8 30. Kf2 Rc3 31. Rb3 Rc7 32. Ke2 Ke7 33. Kd3 Kd6 34. c3 Ra7 35. Rb2 Nc6 36. Rc2 f6 37. h3 Nb8 38. Rf2 Nc6 39. Rc2 Nb8 40. Rf2 Nd7 41. Rf4 e5 42. Rf5 g6 43. Rf2 e4+ 44. Kd2 f5 45. h4 h5 46. Rf1 Nb8 47. Kc2 Nc6 48. Kb3 Nxa5+ 49. Kb2 Nc4+ 50. Kb3 Nd2+ 0-1

[Event "Steinfurt Bezirksliga 0203"]
[Site "Germany"]
[Date "2003.02.22"]
[Round "6.8"]
[White "Rohmann, Dominic"]
[Black "Sablin, Juriy"]
[Result "0-1"]
[WhiteElo "1157"]
[BlackElo "1768"]
[PlyCount "100"]
[EventDate "2002.09.14"]
[EventType "team-tourn"]
[EventRounds "9"]
[EventCountry "GER"]
[SourceTitle "EXT 2004"]
[Source "ChessBase"]
[SourceDate "2003.11.25"]
[SourceVersion "1"]
[SourceVersionDate "2003.11.25"]
[SourceQuality "1"]
[WhiteTeam "Reckenfeld II"]
[BlackTeam "Ibbenbueren II"]
[WhiteTeamCountry "GER"]
[BlackTeamCountry "GER"]

1. e4 c5 2. Nf3 Nc6 3. Bb5 e6 4. c4 Nf6 5. d3 d6 6. Nc3 Bd7 7. 0-0 Be7 8. a3 0-0 9. Bg5 Nd4 10. Bxd7 Nxd7 11. Bxe7 Qxe7 12. Nxd4 cxd4 13. Nb5 e5 14. f4 Rfc8 15. a4 a6 16. Na3 Qe8 17. b4 a5 18. Nb5 Rc6 19. bxa5 Rxa5 20. Qd2 Qa8 21. Qb4 Nc5 22. Rfd1 Rxa4 23. Rxa4 Qxa4 24. Qxa4 Nxa4 25. Ra1 Ra6 26. Nxd6 Nc5 27. Rxa6 bxa6 28. fxe5 Nxd3 29. e6 fxe6 30. Kf1 Kf8 31. Ke2 Ne5 32. c5 Nc6 33. Nc4 e5 34. Kd3 Ke7 35. g3 Kf6 36. h4 a5 37. g4 h6 38. Nb6 Ke6 39. Kc4 Nb4 40. Kb5 Nd3 41. c6 Kd6 42. Na8 a4 43. c7 Kd7 44. Kxa4 Nf2 45. Ka5 Nxe4 46. Kb6 Nd6 47. Ka7 Nc8+ 48. Kb7 d3 49. Nb6+ Nxb6 50. Kxb6 Kc8 0-1